000 00495nam a2200169 a 4500
005 20140412111416.0
008 010424s19uu xx 00 eng d
020 _a0-694-00361-1
050 _aER
_bGo59 1991
100 _aBrown, Margaret Wise
245 _aGoodnight moon /
_cby Margaret Wise Brown ; pictures by Clement hurd.
260 _aMexico :
_bHarper Festival,
_c1991.
300 _a1v. (unp.) ; ill.
650 _aBedtime stories
650 _aChildren's stories
999 _c105842
_d105842